Antología general de Menéndez Pelayo: recopilación orgánica de su doctrina
Guardat en:
| Autor principal: | |
|---|---|
| Format: | Llibre |
| Idioma: | espanyol |
| Publicat: |
Madrid
Católica
1956
|
| Col·lecció: | Biblioteca de Autores Cristianos
|
| Matèries: | |
| Etiquetes: |
Afegir etiqueta
Sense etiquetes, Sigues el primer a etiquetar aquest registre!
|
MARC
| LEADER | 00000nam a2200000 a 4500 | ||
|---|---|---|---|
| 001 | UCL1184 | ||
| 003 | CL-VaPUC | ||
| 005 | 20211125135741.0 | ||
| 008 | 030905e19560000SP |||||||||||||||||spa|d | ||
| 999 | |c 304842 |d 304840 | ||
| 040 | |c Pontificia Universidad Católica de Valparaíso | ||
| 082 | 0 | 4 | |a 196.1 |b SAN |2 21 |
| 100 | 0 | |a Sánchez de Munian, José María |e author |9 478098 | |
| 245 | 1 | 0 | |a Antología general de Menéndez Pelayo: recopilación orgánica de su doctrina |
| 260 | |a Madrid |b Católica |c 1956 | ||
| 300 | |a v | ||
| 490 | 0 | |a Biblioteca de Autores Cristianos | |
| 500 | |a v.1: Autobiografía y autorretrato, juicios doctrinales, juicios de historia de la filosofía; historia general y cultural de España; historia religiosa de España | ||
| 500 | |a v.2: Historia de las ideas estéticas; historia de la literatura española; notas de historia de la literatura universal; selección poética | ||
| 583 | |a last modification |c 20030905 00:00:00 |k Rodrigo Vera | ||
| 600 | 0 | |a Menéndez y Pelayo, Marcelino, |d 1856-1912 |9 864861 | |
| 650 | 0 | |a Filosofía española |9 254895 | |
| 942 | |c BK |2 ddc | ||
| 945 | |d 20030905 00:00:00 |a rbrito | ||
| 952 | |0 0 |1 0 |4 0 |6 196_100000000000000_SAN_1956 |7 0 |8 A |9 367611 |a BIBTEO |b BIBTEO |d 2019-11-21 |h v.1 |i 2071754 |o 196.1 SAN 1956 |p 2071754 |r 2019-11-21 |w 2019-11-21 |y BK |k ICR | ||
| 952 | |0 0 |1 2 |4 0 |6 196_100000000000000_SAN_1956 |7 0 |8 A |9 367612 |a BIBTEO |b BIBTEO |d 2019-11-21 |h v.2 |i 2071746 |o 196.1 SAN 1956 |p 2071746 |r 2019-11-21 |w 2019-11-21 |x Descarte 2019 |y BK |k ICR | ||